[Event "U12 Polish Youth Championship"]
[Site "chess24.com"]
[Date "2018.05.01"]
[Round "4"]
[White "Karolczuk, Iwo"]
[Black "Fiszer, Bartosz"]
[Result "1-0"]
[Board "2"]
[WhiteElo "1723"]
[WhiteCountry "POL"]
[WhiteFideId "21816972"]
[WhiteEloChange "17"]
[BlackElo "2004"]
[BlackTitle "CM"]
[BlackCountry "POL"]
[BlackFideId "21810133"]
[BlackEloChange "-17"]

1. c4 {[%clk 1:30:49]} Nf6 {[%clk 1:30:53]} 2. g3 {[%clk 1:30:55]} g6 {[%clk
1:31:16]} 3. Bg2 {[%clk 1:31:21]} Bg7 {[%clk 1:31:42]} 4. Nc3 {[%clk 1:31:44]}
O-O {[%clk 1:32:04]} 5. e4 {[%clk 1:32:08]} d6 {[%clk 1:32:10]} 6. Nge2 {[%clk
1:32:17]} Nc6 {[%clk 1:32:03]} 7. d3 {[%clk 1:31:57]} e5 {[%clk 1:30:35]} 8. O-O
{[%clk 1:32:12]} Nd7 {[%clk 1:25:55]} 9. Rb1 {[%clk 1:31:47]} a5 {[%clk 1:26:15]}
10. a3 {[%clk 1:31:16]} f5 {[%clk 1:23:40]} 11. exf5 {[%clk 1:25:33]} gxf5 {[%clk
1:23:56]} 12. f4 {[%clk 1:24:08]} Kh8 {[%clk 1:18:08]} 13. b4 {[%clk 1:18:23]}
axb4 {[%clk 1:15:02]} 14. axb4 {[%clk 1:18:43]} Nf6 {[%clk 1:08:04]} 15. b5
{[%clk 1:15:12]} Nd4 {[%clk 1:07:29]} 16. Nxd4 {[%clk 1:08:42]} exd4 {[%clk
1:07:32]} 17. Nd5 {[%clk 1:08:58]} Nd7 {[%clk 0:52:03]} 18. Bd2 {[%clk 1:05:46]}
Nc5 {[%clk 0:51:28]} 19. Qc2 {[%clk 1:02:01]} Be6 {[%clk 0:48:50]} 20. Rfe1
{[%clk 0:54:21]} Qd7 {[%clk 0:44:34]} 21. Bb4 {[%clk 0:53:49]} Rfe8 {[%clk
0:43:01]} 22. Ra1 {[%clk 0:40:11]} Rxa1 {[%clk 0:34:35]} 23. Rxa1 {[%clk
0:40:34]} h6 {[%clk 0:33:40]} 24. Ra7 {[%clk 0:33:08]} Bxd5 {[%clk 0:32:13]} 25.
Bxd5 {[%clk 0:28:37]} Qe7 {[%clk 0:32:31]} 26. Ra3 {[%clk 0:27:50]} b6 {[%clk
0:25:25]} 27. Bc6 {[%clk 0:27:33]} Qe3+ {[%clk 0:24:27]} 28. Kg2 {[%clk 0:27:26]}
Qe2+ {[%clk 0:23:17]} 29. Qxe2 {[%clk 0:27:32]} Rxe2+ {[%clk 0:23:45]} 30. Kg1
{[%clk 0:26:49]} Kh7 {[%clk 0:23:52]} 31. Bxc5 {[%clk 0:26:31]} dxc5 {[%clk
0:24:12]} 32. Bf3 {[%clk 0:25:18]} Rd2 {[%clk 0:24:07]} 33. Kf1 {[%clk 0:18:16]}
Kg6 {[%clk 0:24:26]} 34. Be2 {[%clk 0:18:14]} Rc2 {[%clk 0:23:08]} 35. Ra7 {[%clk
0:16:41]} h5 {[%clk 0:21:58]} 36. h4 {[%clk 0:16:11]} Rc1+ {[%clk 0:21:40]} 37.
Kf2 {[%clk 0:16:21]} Bh6 {[%clk 0:21:13]} 38. Rxc7 {[%clk 0:16:36]} Rh1 {[%clk
0:21:34]} 39. Rc6+ {[%clk 0:16:05]} Kg7 {[%clk 0:21:50]} 40. Rxb6 {[%clk
0:13:47]} Bxf4 {[%clk 0:22:03]} 41. gxf4 {[%clk 0:13:09]} Rxh4 {[%clk 0:22:15]}
42. Rb7+ {[%clk 0:12:44]} Kg6 {[%clk 0:22:35]} 43. b6 {[%clk 0:12:39]} Rh2+
{[%clk 0:22:57]} 44. Kf1 {[%clk 0:10:45]} h4 {[%clk 0:23:20]} 45. Rb8 {[%clk
0:10:33]} h3 {[%clk 0:21:55]} 46. b7 {[%clk 0:06:43]} Rh1+ {[%clk 0:21:28]} 47.
Kf2 {[%clk 0:06:52]} h2 {[%clk 0:21:55]} 48. Bf3 {[%clk 0:06:11]} Ra1 {[%clk
0:21:02]} 49. Rg8+ {[%clk 0:05:13]} Kh7 {[%clk 0:21:13]} 50. b8Q {[%clk 0:04:54]}
Ra2+ {[%clk 0:21:31]} 51. Kg3 {[%clk 0:04:40]} 1-0

[Event "U12 Polish Youth Championship"]
[Site "chess24.com"]
[Date "2018.05.01"]
[Round "4"]
[White "Backiel, Hubert"]
[Black "Chyzy, Jakub"]
[Result "0-1"]
[Board "3"]
[WhiteElo "1653"]
[WhiteCountry "POL"]
[WhiteFideId "21838631"]
[WhiteEloChange "-2"]
[BlackElo "2071"]
[BlackCountry "POL"]
[BlackFideId "21806209"]
[BlackEloChange "2"]

1. Nf3 {[%clk 1:30:50]} d5 {[%clk 1:30:55]} 2. g3 {[%clk 1:31:07]} Nf6 {[%clk
1:31:21]} 3. Bg2 {[%clk 1:31:26]} Bf5 {[%clk 1:31:47]} 4. O-O {[%clk 1:31:40]} e6
{[%clk 1:32:13]} 5. d3 {[%clk 1:31:45]} Be7 {[%clk 1:32:38]} 6. Nbd2 {[%clk
1:31:42]} O-O {[%clk 1:32:56]} 7. Qe1 {[%clk 1:25:47]} h6 {[%clk 1:33:17]} 8. e4
{[%clk 1:23:05]} Bh7 {[%clk 1:33:41]} 9. e5 {[%clk 1:20:50]} Nfd7 {[%clk
1:33:42]} 10. Qe2 {[%clk 1:19:48]} c5 {[%clk 1:34:02]} 11. Re1 {[%clk 1:18:39]}
Nc6 {[%clk 1:34:16]} 12. Nf1 {[%clk 1:18:40]} Rc8 {[%clk 1:34:16]} 13. h4 {[%clk
1:17:43]} b5 {[%clk 1:33:16]} 14. Bf4 {[%clk 1:13:55]} Nb6 {[%clk 1:24:03]} 15.
N1h2 {[%clk 1:02:00]} a5 {[%clk 1:12:19]} 16. a3 {[%clk 0:45:36]} a4 {[%clk
1:06:27]} 17. Ng4 {[%clk 0:34:06]} c4 {[%clk 0:56:00]} 18. Qd2 {[%clk 0:23:27]}
Kh8 {[%clk 0:49:17]} 19. h5 {[%clk 0:13:55]} cxd3 {[%clk 0:44:00]} 20. cxd3
{[%clk 0:14:18]} Nd7 {[%clk 0:43:30]} 21. Re2 {[%clk 0:12:52]} Nc5 {[%clk
0:43:04]} 22. Rd1 {[%clk 0:09:25]} Nb3 {[%clk 0:38:34]} 23. Qe1 {[%clk 0:09:13]}
d4 {[%clk 0:37:47]} 24. Rc2 {[%clk 0:08:20]} Nca5 {[%clk 0:37:05]} 25. Rxc8
{[%clk 0:08:37]} Qxc8 {[%clk 0:37:18]} 26. Qe2 {[%clk 0:08:59]} Qc7 {[%clk
0:34:20]} 27. Ne1 {[%clk 0:07:54]} Rc8 {[%clk 0:32:14]} 28. Nh2 {[%clk 0:07:21]}
b4 {[%clk 0:29:45]} 29. axb4 {[%clk 0:07:02]} Bxb4 {[%clk 0:30:07]} 30. Nhf3
{[%clk 0:07:17]} Bf5 {[%clk 0:29:17]} 31. Nd2 {[%clk 0:06:00]} Qb6 {[%clk
0:23:16]} 32. g4 {[%clk 0:05:56]} Bh7 {[%clk 0:23:32]} 33. Ndf3 {[%clk 0:04:42]}
Kg8 {[%clk 0:22:51]} 34. Nd2 {[%clk 0:04:09]} Nxd2 {[%clk 0:21:27]} 35. Bxd2
{[%clk 0:04:32]} Nb3 {[%clk 0:21:50]} 36. Bxb4 {[%clk 0:04:25]} Qxb4 {[%clk
0:20:39]} 37. Nc2 {[%clk 0:04:40]} Qc5 {[%clk 0:20:41]} 38. Ne1 {[%clk 0:03:51]}
Kf8 {[%clk 0:19:31]} 39. f4 {[%clk 0:03:52]} Ke7 {[%clk 0:19:16]} 40. Be4 {[%clk
0:03:56]} Nc1 {[%clk 0:10:58]} 41. Qf3 {[%clk 0:03:21]} Bxe4 {[%clk 0:08:59]} 42.
Qxe4 {[%clk 0:03:45]} Qc6 {[%clk 0:07:40]} 43. Qh7 {[%clk 0:03:04]} Ne2+ {[%clk
0:03:17]} 44. Kf2 {[%clk 0:02:39]} Nxf4 {[%clk 0:02:24]} 45. Qxg7 {[%clk
0:01:51]} Nd5 {[%clk 0:02:08]} 46. Qxh6 {[%clk 0:01:47]} Ne3 {[%clk 0:02:10]} 47.
Ke2 {[%clk 0:01:39]} Nxd1 {[%clk 0:00:58]} 48. Kxd1 {[%clk 0:02:03]} Kd7 {[%clk
0:01:21]} 49. Qg7 {[%clk 0:02:20]} Qc1+ {[%clk 0:01:26]} 50. Ke2 {[%clk 0:02:44]}
Qf4 {[%clk 0:01:01]} 51. Qf6 {[%clk 0:02:00]} Qxg4+ {[%clk 0:00:41]} 52. Kd2
{[%clk 0:01:49]} Qxh5 {[%clk 0:00:51]} 53. Qf4 {[%clk 0:02:07]} Ke8 {[%clk
0:00:48]} 54. Qxd4 {[%clk 0:02:02]} Kf8 {[%clk 0:00:54]} 55. Qb4+ {[%clk
0:02:04]} Kg7 {[%clk 0:01:04]} 56. Qf4 {[%clk 0:02:28]} Qh6 {[%clk 0:01:07]} 57.
Qxh6+ {[%clk 0:02:33]} Kxh6 {[%clk 0:01:33]} 58. Nf3 {[%clk 0:02:29]} Kh5 {[%clk
0:01:49]} 59. Nd4 {[%clk 0:02:33]} Kg4 {[%clk 0:01:49]} 60. Nc2 {[%clk 0:02:05]}
Kf4 {[%clk 0:02:06]} 61. Na3 {[%clk 0:02:12]} Kxe5 {[%clk 0:02:15]} 62. Nc4+
{[%clk 0:02:30]} Kd4 {[%clk 0:02:19]} 63. Nb6 {[%clk 0:02:49]} Rb8 {[%clk
0:02:43]} 64. Nxa4 {[%clk 0:03:13]} Rb4 {[%clk 0:03:02]} 0-1

[Event "U12 Polish Youth Championship"]
[Site "chess24.com"]
[Date "2018.05.01"]
[Round "4"]
[White "Wnek, Filip"]
[Black "Karwacki, Piotr"]
[Result "0-1"]
[Board "4"]
[WhiteElo "1760"]
[WhiteCountry "POL"]
[WhiteFideId "21833281"]
[WhiteEloChange "-11"]
[BlackElo "1720"]
[BlackCountry "POL"]
[BlackFideId "21852200"]
[BlackEloChange "11"]

1. e4 {[%clk 1:29:52]} c5 {[%clk 1:30:43]} 2. Nf3 {[%clk 1:28:51]} d6 {[%clk
1:30:53]} 3. d4 {[%clk 1:27:52]} cxd4 {[%clk 1:31:00]} 4. Nxd4 {[%clk 1:26:51]}
Nf6 {[%clk 1:31:00]} 5. Nc3 {[%clk 1:25:43]} a6 {[%clk 1:31:13]} 6. f3 {[%clk
1:24:46]} e5 {[%clk 1:30:14]} 7. Nb3 {[%clk 1:23:40]} Be6 {[%clk 1:29:40]} 8. Be3
{[%clk 1:22:50]} Be7 {[%clk 1:29:48]} 9. Qd2 {[%clk 1:21:37]} O-O {[%clk
1:29:42]} 10. O-O-O {[%clk 1:20:57]} a5 {[%clk 1:29:27]} 11. a4 {[%clk 1:19:46]}
Nc6 {[%clk 1:29:12]} 12. Kb1 {[%clk 1:17:28]} Nb4 {[%clk 1:26:38]} 13. g4 {[%clk
1:16:39]} Rc8 {[%clk 1:26:28]} 14. Bb5 {[%clk 1:05:28]} d5 {[%clk 1:22:46]} 15.
g5 {[%clk 1:02:10]} Ne8 {[%clk 1:22:37]} 16. exd5 {[%clk 0:52:03]} Bf5 {[%clk
1:21:57]} 17. Na1 {[%clk 0:45:57]} Nd6 {[%clk 1:20:36]} 18. Be2 {[%clk 0:31:11]}
Qd7 {[%clk 1:15:52]} 19. Rc1 {[%clk 0:25:39]} Rxc3 {[%clk 1:12:31]} 20. Qxc3
{[%clk 0:17:30]} Nxd5 {[%clk 1:08:54]} 21. Qxe5 {[%clk 0:11:00]} Be6 {[%clk
1:06:55]} 22. Rcd1 {[%clk 0:01:02]} f6 {[%clk 1:07:01]} 23. Qd4 {[%clk 0:00:40]}
Nf5 {[%clk 1:07:01]} 24. Qe4 {[%clk 0:00:37]} Nfxe3 {[%clk 1:06:59]} 25. Qxe3
{[%clk 0:00:38]} Nxe3 {[%clk 1:07:21]} 26. Rxd7 {[%clk 0:00:47]} Bxd7 {[%clk
1:07:46]} 27. Re1 {[%clk 0:00:59]} Bb4 {[%clk 1:07:24]} 28. c3 {[%clk 0:00:56]}
Bf5+ {[%clk 1:07:40]} 29. Kc1 {[%clk 0:01:06]} Bc5 {[%clk 1:07:43]} 30. b4 {[%clk
0:00:38]} axb4 {[%clk 1:08:01]} 31. cxb4 {[%clk 0:00:59]} Bxb4 {[%clk 1:08:23]}
32. Rg1 {[%clk 0:01:04]} Rc8+ {[%clk 1:08:35]} 33. Kb2 {[%clk 0:00:55]} Bc3+
{[%clk 1:08:42]} 34. Ka2 {[%clk 0:01:00]} Ra8 {[%clk 1:07:02]} 35. Kb3 {[%clk
0:00:54]} Bd4 {[%clk 1:06:57]} 36. Rc1 {[%clk 0:00:34]} Be6+ {[%clk 1:07:07]} 37.
Ka3 {[%clk 0:00:35]} Bxa1 {[%clk 1:07:15]} 38. Rxa1 {[%clk 0:00:56]} Nc2+ {[%clk
1:07:31]} 0-1

[Event "U12 Polish Youth Championship"]
[Site "chess24.com"]
[Date "2018.05.01"]
[Round "4"]
[White "Matela, Krzysztof"]
[Black "Klimkowski, Jan"]
[Result "1-0"]
[Board "5"]
[WhiteElo "1642"]
[WhiteCountry "POL"]
[WhiteFideId "21828962"]
[WhiteEloChange "15"]
[BlackElo "1836"]
[BlackCountry "POL"]
[BlackFideId "21856222"]
[BlackEloChange "-15"]

1. e4 {[%clk 1:30:59]} c5 {[%clk 1:30:52]} 2. Ne2 {[%clk 1:31:26]} d6 {[%clk
1:31:17]} 3. g3 {[%clk 1:31:22]} g6 {[%clk 1:31:08]} 4. Bg2 {[%clk 1:31:47]} Bg7
{[%clk 1:31:22]} 5. O-O {[%clk 1:31:57]} e6 {[%clk 1:31:29]} 6. d4 {[%clk
1:32:14]} cxd4 {[%clk 1:31:32]} 7. Nxd4 {[%clk 1:32:36]} Ne7 {[%clk 1:31:39]} 8.
Nc3 {[%clk 1:32:19]} O-O {[%clk 1:31:49]} 9. Ndb5 {[%clk 1:32:01]} d5 {[%clk
1:28:36]} 10. exd5 {[%clk 1:30:23]} a6 {[%clk 1:28:47]} 11. Nd4 {[%clk 1:27:59]}
exd5 {[%clk 1:27:40]} 12. Be3 {[%clk 1:25:00]} Nbc6 {[%clk 1:26:25]} 13. Qd2
{[%clk 1:24:29]} Qd6 {[%clk 1:22:28]} 14. a3 {[%clk 1:23:22]} Re8 {[%clk
1:18:08]} 15. Nb3 {[%clk 1:01:18]} Be6 {[%clk 1:07:18]} 16. Rad1 {[%clk 1:00:54]}
Rad8 {[%clk 1:03:42]} 17. Bc5 {[%clk 0:57:40]} Qc7 {[%clk 1:01:48]} 18. Ne2
{[%clk 0:40:31]} Nf5 {[%clk 0:51:57]} 19. c3 {[%clk 0:40:29]} Ne5 {[%clk
0:50:11]} 20. Bd4 {[%clk 0:40:22]} Nc4 {[%clk 0:45:41]} 21. Qc2 {[%clk 0:38:03]}
Nxd4 {[%clk 0:43:46]} 22. Nexd4 {[%clk 0:38:24]} Bg4 {[%clk 0:38:51]} 23. Rde1
{[%clk 0:38:03]} Rxe1 {[%clk 0:36:09]} 24. Rxe1 {[%clk 0:38:29]} Qc8 {[%clk
0:36:27]} 25. Nd2 {[%clk 0:34:36]} Re8 {[%clk 0:29:59]} 26. Rxe8+ {[%clk
0:32:36]} Qxe8 {[%clk 0:29:48]} 27. Bxd5 {[%clk 0:32:48]} Qe1+ {[%clk 0:27:21]}
28. Nf1 {[%clk 0:32:34]} b5 {[%clk 0:13:09]} 29. Kg2 {[%clk 0:23:07]} Bxd4 {[%clk
0:12:08]} 30. Bxc4 {[%clk 0:21:55]} bxc4 {[%clk 0:11:32]} 31. cxd4 {[%clk
0:22:05]} Bh3+ {[%clk 0:02:04]} 32. Kxh3 {[%clk 0:22:29]} Qxf1+ {[%clk 0:02:28]}
33. Kg4 {[%clk 0:22:54]} Qd3 {[%clk 0:02:11]} 34. Qxd3 {[%clk 0:23:12]} 1-0

[Event "U12 Polish Youth Championship"]
[Site "chess24.com"]
[Date "2018.05.01"]
[Round "4"]
[White "Wojdak, Jan"]
[Black "Trzebinski, Patryk"]
[Result "0-1"]
[Board "6"]
[WhiteElo "1795"]
[WhiteCountry "POL"]
[WhiteFideId "21817111"]
[WhiteEloChange "-14"]
[BlackElo "1628"]
[BlackCountry "POL"]
[BlackFideId "21839034"]
[BlackEloChange "14"]

1. e4 {[%clk 1:30:43]} e5 {[%clk 1:30:52]} 2. Nf3 {[%clk 1:31:04]} d5 {[%clk
1:31:08]} 3. exd5 {[%clk 1:31:07]} e4 {[%clk 1:31:30]} 4. Qe2 {[%clk 1:31:31]}
Be7 {[%clk 1:31:53]} 5. Qxe4 {[%clk 1:17:38]} Nf6 {[%clk 1:32:14]} 6. Qd4 {[%clk
1:15:38]} O-O {[%clk 1:28:42]} 7. Nc3 {[%clk 1:12:40]} Bg4 {[%clk 1:18:37]} 8.
Be2 {[%clk 1:10:17]} Bxf3 {[%clk 1:16:11]} 9. Bxf3 {[%clk 1:10:19]} Nc6 {[%clk
1:16:04]} 10. Qa4 {[%clk 1:05:30]} Ne5 {[%clk 1:15:23]} 11. d4 {[%clk 1:02:20]}
Nxf3+ {[%clk 1:13:54]} 12. gxf3 {[%clk 1:02:41]} Nxd5 {[%clk 1:13:28]} 13. Qb3
{[%clk 1:01:19]} Bb4 {[%clk 1:13:10]} 14. Bd2 {[%clk 0:58:26]} Bxc3 {[%clk
1:07:08]} 15. bxc3 {[%clk 0:58:15]} Re8+ {[%clk 1:04:51]} 16. Kd1 {[%clk
0:56:23]} Nb6 {[%clk 0:47:22]} 17. Qb5 {[%clk 0:45:55]} Qf6 {[%clk 0:46:12]} 18.
Qd3 {[%clk 0:36:20]} c5 {[%clk 0:39:15]} 19. f4 {[%clk 0:33:28]} Rad8 {[%clk
0:32:14]} 20. Be3 {[%clk 0:31:42]} Nd5 {[%clk 0:30:44]} 21. Bd2 {[%clk 0:18:49]}
cxd4 {[%clk 0:28:46]} 22. cxd4 {[%clk 0:17:14]} Nxf4 {[%clk 0:28:43]} 23. Qc3
{[%clk 0:14:16]} Rxd4 {[%clk 0:28:23]} 24. Re1 {[%clk 0:13:08]} Rxd2+ {[%clk
0:28:33]} 25. Kxd2 {[%clk 0:13:22]} Rd8+ {[%clk 0:28:57]} 26. Qd3 {[%clk
0:13:28]} Nxd3 {[%clk 0:29:13]} 27. cxd3 {[%clk 0:13:34]} Qxf2+ {[%clk 0:29:08]}
28. Re2 {[%clk 0:13:56]} Qd4 {[%clk 0:29:31]} 29. Rae1 {[%clk 0:14:19]} Qxd3+
{[%clk 0:29:44]} 30. Kc1 {[%clk 0:14:46]} g6 {[%clk 0:29:52]} 31. Re3 {[%clk
0:15:09]} Rc8+ {[%clk 0:30:01]} 32. Kb2 {[%clk 0:15:28]} Rc2+ {[%clk 0:30:05]}
33. Ka1 {[%clk 0:15:41]} Qd4+ {[%clk 0:30:29]} 0-1

[Event "U12 Polish Youth Championship"]
[Site "chess24.com"]
[Date "2018.05.01"]
[Round "4"]
[White "Herwy, Jakub"]
[Black "Wieczorek, Mikolaj"]
[Result "0-1"]
[Board "7"]
[WhiteElo "1590"]
[WhiteCountry "POL"]
[WhiteFideId "21852855"]
[WhiteEloChange "-5"]
[BlackElo "1761"]
[BlackCountry "POL"]
[BlackFideId "21827702"]
[BlackEloChange "5"]

1. e4 {[%clk 1:30:58]} c5 {[%clk 1:30:53]} 2. Nf3 {[%clk 1:31:20]} Nc6 {[%clk
1:31:16]} 3. d4 {[%clk 1:31:40]} cxd4 {[%clk 1:31:42]} 4. Nxd4 {[%clk 1:32:06]}
Nf6 {[%clk 1:32:06]} 5. Nc3 {[%clk 1:32:23]} e5 {[%clk 1:32:32]} 6. Ndb5 {[%clk
1:32:46]} d6 {[%clk 1:32:57]} 7. Bg5 {[%clk 1:33:07]} a6 {[%clk 1:33:22]} 8. Na3
{[%clk 1:33:32]} b5 {[%clk 1:33:47]} 9. Nd5 {[%clk 1:33:59]} Be7 {[%clk 1:34:11]}
10. Bxf6 {[%clk 1:34:24]} Bxf6 {[%clk 1:34:36]} 11. c4 {[%clk 1:34:51]} b4 {[%clk
1:34:48]} 12. Nc2 {[%clk 1:35:13]} Rb8 {[%clk 1:35:11]} 13. b3 {[%clk 1:33:09]}
Bg5 {[%clk 1:35:26]} 14. h4 {[%clk 1:33:33]} Bxh4 {[%clk 1:34:55]} 15. Qd3 {[%clk
1:31:12]} Bg5 {[%clk 1:31:43]} 16. g3 {[%clk 1:30:06]} O-O {[%clk 1:20:01]} 17.
Bh3 {[%clk 1:30:23]} Bxh3 {[%clk 1:17:22]} 18. Rxh3 {[%clk 1:30:48]} Qd7 {[%clk
1:17:37]} 19. Rh5 {[%clk 1:23:00]} Qg4 {[%clk 1:16:58]} 20. Qe2 {[%clk 1:23:12]}
Qxe2+ {[%clk 1:16:24]} 21. Kxe2 {[%clk 1:23:36]} Bd8 {[%clk 1:15:52]} 22. Rah1
{[%clk 1:23:04]} h6 {[%clk 1:16:13]} 23. Nde3 {[%clk 1:22:10]} Bb6 {[%clk
1:07:40]} 24. Nf5 {[%clk 1:21:35]} Bc5 {[%clk 1:08:00]} 25. R5h4 {[%clk 1:17:28]}
Kh7 {[%clk 1:00:40]} 26. Nce3 {[%clk 1:12:39]} Nd4+ {[%clk 0:54:00]} 27. Nxd4
{[%clk 1:11:36]} exd4 {[%clk 0:48:07]} 28. Nf5 {[%clk 1:08:21]} d3+ {[%clk
0:43:21]} 29. Kf3 {[%clk 1:07:45]} Rbe8 {[%clk 0:38:36]} 30. Rd1 {[%clk 1:06:49]}
Re6 {[%clk 0:33:55]} 31. Rxd3 {[%clk 1:04:16]} Rfe8 {[%clk 0:33:09]} 32. Nd4
{[%clk 1:02:10]} Rf6+ {[%clk 0:32:51]} 33. Rf4 {[%clk 1:02:35]} Rxf4+ {[%clk
0:31:29]} 34. Kxf4 {[%clk 1:02:48]} g5+ {[%clk 0:31:09]} 35. Kf3 {[%clk 1:02:46]}
Kg6 {[%clk 0:29:04]} 36. Nf5 {[%clk 1:00:53]} Re6 {[%clk 0:28:51]} 37. g4 {[%clk
1:00:28]} Rf6 {[%clk 0:28:06]} 38. Rd1 {[%clk 0:54:59]} Re6 {[%clk 0:26:41]} 39.
Re1 {[%clk 0:55:07]} a5 {[%clk 0:25:16]} 40. Kg3 {[%clk 0:55:14]} Bb6 {[%clk
0:23:21]} 41. Kf3 {[%clk 0:50:42]} Bc5 {[%clk 0:23:14]} 42. Rd1 {[%clk 0:51:03]}
Rf6 {[%clk 0:23:22]} 43. Kg2 {[%clk 0:50:58]} h5 {[%clk 0:22:24]} 44. Rh1 {[%clk
0:49:24]} h4 {[%clk 0:22:16]} 45. f4 {[%clk 0:47:19]} Re6 {[%clk 0:17:14]} 46.
fxg5 {[%clk 0:45:28]} Rxe4 {[%clk 0:14:52]} 47. Kf3 {[%clk 0:44:00]} Re5 {[%clk
0:10:10]} 48. Kf4 {[%clk 0:41:11]} Bf2 {[%clk 0:07:21]} 49. Kf3 {[%clk 0:25:29]}
Bg3 {[%clk 0:04:48]} 50. Rd1 {[%clk 0:24:13]} Kxg5 {[%clk 0:04:19]} 51. Nxd6
{[%clk 0:23:45]} Kg6 {[%clk 0:03:31]} 52. Nf5 {[%clk 0:20:23]} f6 {[%clk
0:02:09]} 53. Rd2 {[%clk 0:16:05]} Kg5 {[%clk 0:01:43]} 54. Nd6 {[%clk 0:15:58]}
Kg6 {[%clk 0:01:24]} 55. Ne4 {[%clk 0:15:32]} a4 {[%clk 0:00:39]} 56. Rd6 {[%clk
0:15:51]} Rxe4 {[%clk 0:00:39]} 57. Rb6 {[%clk 0:15:49]} Rf4+ {[%clk 0:01:25]}
58. Kg2 {[%clk 0:15:47]} Rf2+ {[%clk 0:01:48]} 59. Kg1 {[%clk 0:16:10]} Rxa2
{[%clk 0:01:48]} 60. Rxb4 {[%clk 0:16:30]} a3 {[%clk 0:02:31]} 61. c5 {[%clk
0:16:25]} h3 {[%clk 0:02:44]} 0-1

[Event "U12 Polish Youth Championship"]
[Site "chess24.com"]
[Date "2018.05.01"]
[Round "4"]
[White "Paszkowski, Krystian"]
[Black "Jeda, Maciej"]
[Result "0-1"]
[Board "8"]
[WhiteElo "1563"]
[WhiteCountry "POL"]
[WhiteFideId "21853002"]
[WhiteEloChange "-5"]
[BlackElo "1751"]
[BlackCountry "POL"]
[BlackFideId "21857679"]
[BlackEloChange "5"]

1. c4 {[%clk 1:30:57]} Nf6 {[%clk 1:30:55]} 2. g3 {[%clk 1:31:14]} g6 {[%clk
1:31:21]} 3. Bg2 {[%clk 1:31:27]} Bg7 {[%clk 1:31:44]} 4. Nc3 {[%clk 1:30:58]}
O-O {[%clk 1:32:05]} 5. e4 {[%clk 1:31:00]} d6 {[%clk 1:32:30]} 6. Nge2 {[%clk
1:30:47]} e5 {[%clk 1:32:00]} 7. O-O {[%clk 1:28:58]} Nbd7 {[%clk 1:31:40]} 8. d3
{[%clk 1:26:50]} Ne8 {[%clk 1:24:55]} 9. Be3 {[%clk 1:22:12]} f5 {[%clk 1:21:58]}
10. Qd2 {[%clk 1:10:35]} Nef6 {[%clk 1:19:25]} 11. Bg5 {[%clk 1:05:33]} Nc5
{[%clk 1:18:32]} 12. Nd5 {[%clk 0:58:57]} Ne6 {[%clk 1:17:51]} 13. Bxf6 {[%clk
0:51:37]} Bxf6 {[%clk 1:16:31]} 14. Nxf6+ {[%clk 0:49:41]} Qxf6 {[%clk 1:15:03]}
15. exf5 {[%clk 0:47:50]} Qxf5 {[%clk 1:11:35]} 16. f4 {[%clk 0:44:50]} exf4
{[%clk 1:10:15]} 17. Nxf4 {[%clk 0:44:09]} Qc5+ {[%clk 1:08:58]} 18. Kh1 {[%clk
0:42:25]} c6 {[%clk 0:51:35]} 19. Rae1 {[%clk 0:35:18]} Nd4 {[%clk 0:44:03]} 20.
a4 {[%clk 0:19:29]} a5 {[%clk 0:35:01]} 21. Ne2 {[%clk 0:09:41]} Rxf1+ {[%clk
0:17:17]} 22. Rxf1 {[%clk 0:09:57]} Nxe2 {[%clk 0:10:35]} 23. Qxe2 {[%clk
0:10:24]} Qe5 {[%clk 0:09:44]} 24. Qxe5 {[%clk 0:05:50]} dxe5 {[%clk 0:10:08]}
25. Re1 {[%clk 0:06:09]} Bf5 {[%clk 0:10:22]} 26. Bf1 {[%clk 0:05:14]} Re8 {[%clk
0:10:03]} 27. h3 {[%clk 0:04:54]} h5 {[%clk 0:09:37]} 28. Re3 {[%clk 0:04:03]}
Kf7 {[%clk 0:09:11]} 29. Bg2 {[%clk 0:04:13]} Ke6 {[%clk 0:07:59]} 30. d4 {[%clk
0:03:36]} Rd8 {[%clk 0:05:18]} 31. d5+ {[%clk 0:01:40]} cxd5 {[%clk 0:05:02]} 32.
Bxd5+ {[%clk 0:02:01]} Kd6 {[%clk 0:04:24]} 33. Bxb7 {[%clk 0:01:30]} Rb8 {[%clk
0:03:50]} 34. c5+ {[%clk 0:01:30]} Kxc5 {[%clk 0:03:13]} 35. Rxe5+ {[%clk
0:01:17]} Kd6 {[%clk 0:03:07]} 36. Rb5 {[%clk 0:01:04]} Rxb7 {[%clk 0:03:20]} 37.
Rxb7 {[%clk 0:01:14]} Be4+ {[%clk 0:04:09]} 38. Kg1 {[%clk 0:01:38]} Bxb7 {[%clk
0:03:48]} 39. Kf2 {[%clk 0:00:49]} Be4 {[%clk 0:03:48]} 40. Ke3 {[%clk 0:00:49]}
Bf5 {[%clk 0:04:01]} 41. Kf4 {[%clk 0:00:31]} Bxh3 {[%clk 0:04:24]} 42. Kg5
{[%clk 0:00:52]} Bf5 {[%clk 0:04:24]} 0-1

[Event "U12 Polish Youth Championship"]
[Site "chess24.com"]
[Date "2018.05.01"]
[Round "4"]
[White "Nowicki, Filip"]
[Black "Madej, Marek"]
[Result "0-1"]
[Board "9"]
[WhiteElo "1511"]
[WhiteCountry "POL"]
[WhiteFideId "21835993"]
[WhiteEloChange "-4"]
[BlackElo "1734"]
[BlackCountry "POL"]
[BlackFideId "21835942"]
[BlackEloChange "4"]

1. e4 {[%clk 1:30:57]} c5 {[%clk 1:30:41]} 2. Nc3 {[%clk 1:31:22]} e6 {[%clk
1:30:56]} 3. Nf3 {[%clk 1:31:47]} Nc6 {[%clk 1:31:14]} 4. d4 {[%clk 1:32:01]}
cxd4 {[%clk 1:31:34]} 5. Nxd4 {[%clk 1:32:24]} Qc7 {[%clk 1:31:00]} 6. Be3 {[%clk
1:29:09]} a6 {[%clk 1:31:19]} 7. Be2 {[%clk 1:28:16]} Nf6 {[%clk 1:30:55]} 8. O-O
{[%clk 1:28:13]} b5 {[%clk 1:31:00]} 9. a3 {[%clk 1:28:26]} Bb7 {[%clk 1:30:36]}
10. f3 {[%clk 1:25:33]} Be7 {[%clk 1:29:23]} 11. Kh1 {[%clk 1:24:36]} O-O {[%clk
1:28:33]} 12. Qd2 {[%clk 1:21:18]} Rfd8 {[%clk 1:28:05]} 13. Rad1 {[%clk
1:14:33]} Rac8 {[%clk 1:26:10]} 14. Nb3 {[%clk 1:08:22]} Ne5 {[%clk 1:23:30]} 15.
Bf4 {[%clk 1:02:15]} d5 {[%clk 1:18:06]} 16. Qd4 {[%clk 0:51:25]} Bd6 {[%clk
1:11:55]} 17. Bxb5 {[%clk 0:39:10]} Nc4 {[%clk 1:10:40]} 18. Bxd6 {[%clk
0:36:42]} Nxd6 {[%clk 1:09:09]} 19. Be2 {[%clk 0:28:00]} dxe4 {[%clk 1:09:24]}
20. Qf2 {[%clk 0:27:07]} exf3 {[%clk 1:08:04]} 21. Bxf3 {[%clk 0:27:30]} Bxf3
{[%clk 1:08:07]} 22. Qxf3 {[%clk 0:27:53]} Nc4 {[%clk 1:08:10]} 23. Na4 {[%clk
0:26:45]} Nd5 {[%clk 1:03:07]} 24. Rd3 {[%clk 0:18:28]} Ne5 {[%clk 1:03:17]} 25.
Qf2 {[%clk 0:16:31]} Nxd3 {[%clk 1:01:36]} 26. cxd3 {[%clk 0:16:49]} e5 {[%clk
0:52:29]} 27. Nac5 {[%clk 0:15:25]} Nf4 {[%clk 0:52:28]} 28. d4 {[%clk 0:12:05]}
Rxd4 {[%clk 0:48:48]} 29. Nxd4 {[%clk 0:05:15]} Qxc5 {[%clk 0:49:13]} 30. h3
{[%clk 0:04:33]} Rd8 {[%clk 0:46:23]} 31. Nf3 {[%clk 0:03:54]} Qxf2 {[%clk
0:46:34]} 32. Rxf2 {[%clk 0:04:20]} f6 {[%clk 0:45:19]} 33. Rc2 {[%clk 0:03:35]}
e4 {[%clk 0:44:32]} 34. Ng1 {[%clk 0:02:32]} e3 {[%clk 0:43:32]} 35. g3 {[%clk
0:02:10]} Nh5 {[%clk 0:43:46]} 36. Ne2 {[%clk 0:01:18]} Rd2 {[%clk 0:43:46]} 37.
Rxd2 {[%clk 0:01:15]} exd2 {[%clk 0:44:06]} 38. Nc3 {[%clk 0:01:36]} Nxg3+ {[%clk
0:44:29]} 39. Kg2 {[%clk 0:01:57]} Ne4 {[%clk 0:44:34]} 0-1